Cigarette consumption and health effects (Record no. 168226)
[ view plain ]
| 000 -LEADER | |
|---|---|
| fixed length control field | 01325nam a2200325 a 4500 |
| 245 00 - TITLE STATEMENT | |
| Title | Cigarette consumption and health effects |
| 260 ## - PUBLICATION, DISTRIBUTION, ETC. (IMPRINT) | |
| Place of publication | Hauppauge, N.Y. : |
| Name of publisher | Nova Science Publishers, Inc., |
| Year of publication | 2013. |
| 300 ## - PHYSICAL DESCRIPTION | |
| Number of Pages | viii, 233 p. : |
| Other physical details | ill. (some col.), maps. |
| 490 1# - SERIES STATEMENT | |
| Series statement | Public health in the 21st century |
| 650 #0 - SUBJECT ADDED ENTRY--TOPICAL TERM | |
| Topical Term | Smoking |
| Topical Term | Tobacco |
| 700 1# - ADDED ENTRY--PERSONAL NAME | |
| Personal name | Chen, George G. |
| 856 40 - ELECTRONIC LOCATION AND ACCESS | |
| Uniform Resource Identifier | http://site.ebrary.com/lib/rucke/Doc?id=10677666 |
No items available.
